100 joueurs portugais avec la plus grosse valeur marchande - Statistiques

Statistiques générales
  • Ce quiz a été pris 180 fois
    120 depuis la dernière actualisation
  • Le résultat moyen est 37 sur 100
Statistiques - réponses
Club Prix Réponse % Correct
Milan AC 90 millions Rafael Leao
95%
Manchester City 80 millions Bernardo Silva
93%
Manchester City 80 millions Ruben Dias
90%
Manchester United 75 millions Bruno Fernandes
88%
Al-Nasr 15 millions Cristiano Ronaldo
88%
Real Sociedad 15 millions André Silva
87%
SL Benfica 45 millions Antonio Silva
87%
Wolves 13 millions Fabio Silva
87%
Betis Seville 15 millions Rui Silva
87%
FC Barcelone 50 millions Joao Cancelo
84%
Paris SG 65 millions Nuno Mendes
83%
Besiktas 12 millions Gedson Fernandes
80%
FC Barcelone 50 millions Joao Felix
79%
Liverpool 50 millions Diogo Jota
78%
Al-Ittihad 13 millions Jota
78%
Paris SG 42 millions Vitinha
78%
Marseille 18 millions Vitinha
78%
Paris SG 50 millions Gonçalo Ramos
76%
Al-Hilal 40 millions Ruben Neves
76%
SL Benfica 10 millions Joao Neves
72%
Manchester United 40 millions Diogo Dalot
68%
Wolves 18 millions José Sa
68%
Paris SG 10 millions Danilo Pereira
66%
Leicester 10 millions Ricardo Pereira
62%
FC Porto 45 millions Diogo Costa
60%
Manchester City 45 millions Matheus Nunes
59%
Al-Nassr 35 millions Otavio
59%
RC Lens 8 millions David Costa
55%
Majorque 5 millions Samu Costa
55%
Everton 16 millions André Gomes
53%
Fulham 40 millions Joao Palhinha
53%
AS Rome 15 millions Renato Sanches
53%
Olympique Lyonnais 8 millions Anthony Lopes
50%
SC Braga 4 millions Rony Lopes
50%
AS Rome 5 millions Rui Patricio
50%
SSC Naples 8 millions Mario Rui
47%
Betis Seville 14 millions William Carvalho
46%
RB Leipzig 16 millions Fabio Carvalho
44%
Bayern Munich 20 millions Raphael Guerreiro
44%
Arsenal 25 millions Fabio Vieira
43%
SL Benfica 23 millions Gonçalo Guedes
40%
Wolves 28 millions Pedro Neto
39%
Sporting CP 30 millions Gonçalo Inacio
38%
FC Porto 16 millions Joao Mario
38%
SL Benfica 14 millions Joao Mario
38%
Wolves 15 millions Nelson Semedo
38%
Al-Duhail 3,2 millions Ruben Semedo
37%
Sporting CP 32 millions Pedro Goncalves
33%
SL Benfica 22 millions Rafa
33%
Sporting CP 15 millions Trincao
33%
SC Braga 6 millions André Horta
31%
Everton 25 millions Beto
31%
FC Copenhague 4 millions Diogo Gonçalves
31%
SC Braga 20 millions Ricardo Horta
31%
LOSC Lille 3,5 millions Tiago Santos
28%
Sporting CP 14 millions Nuno Santos
27%
LOSC Lille 16 millions Tiago Djalo
26%
FC Porto 8 millions Francisco Conceiçao
24%
SC Braga 6 millions Bruma
23%
Olympiakos 20 millions Daniel Podence
23%
Nottingham Forest 18 millions Nuno Tavares
21%
AS Monaco 5 millions Gelson Martins
20%
Sporting CP 6,5 millions Paulinho
20%
Al-Khaleej 3 millions Fabio Martins
19%
Galatasaray 7 millions Sergio Oliveira
19%
Arsenal 3 millions Cedric
18%
SL Benfica 20 millions Florentino Luis
18%
SC Braga 3 millions Paulo Oliveira
18%
Valence 20 millions André Almeida
16%
Valence 8 millions Thierry Correia
16%
Union Berlin 15 millions Diogo Leite
15%
Sporting CP 5 millions Daniel Bragança
10%
FC Porto 14 millions David Carmo
10%
Sporting CP 3,5 millions Ricardo Esgaio
10%
Eintracht Frankfurt 8 millions Aurélio Buta
9%
Famalicao 4,5 millions Henrique Araujo
9%
Wolfsbourg 7 millions Tiago Tomas
9%
SL Benfica 5 millions Tomas Araujo
9%
FC Porto 3,5 millions André Franco
7%
Vitoria Guimaraes 4 millions Bruno Varela
7%
SL Benfica 6 millions Chiquinho
7%
AC Monza 6 millions Dany Mota
7%
Getafe 5 millions Domingos Duarte
7%
FC Porto 4 millions Fabio Cardoso
7%
(sans club) 6 millions Xeka
7%
Almeria 6 millions Luis Maximiano
6%
Hull City 4 millions Ruben Vinagre
6%
Wolves 6 millions Toti
6%
SL Benfica 3,5 millions Tiago Gouveia
5%
Portimonense 3,5 millions Filipe Relvas
3%
Al-Nasr Dubai 6 millions Irui Medeiros
3%
Casa Pia 3,5 millions Leonardo Lelo
2%
Sao Paulo 4 millions Marcos Paulo
2%
Fenerbahce 8 millions Miguel Crespo
2%
Al-Rayyan 6 millions André Amaro
1%
Famalicao 3,5 millions Francisco Moura
1%
Levante UD 3,5 millions Ruben Vezo
1%
AZ Alkmaar 4 millions Alexandre Penetra
0%
SC Braga 3,5 millions Roger
0%
Sans Club 4,5 millions Tozé
0%
Aucun quiz correspondant
Distribution des résultats
% des personnes avec chaque résultat
Percentile par nombre de réponses
Votre historique - résultats
Vous n’avez pas pris ce quiz depuis la dernière actualisation